Orignial Netflix Dramas - Statistics

General Stats
  • This quiz has been taken 57 times
  • The average score is 4 of 16
Answer Stats
Genre Released Seasons/Episodes Answer % Correct
Science fiction/horror Jul 15, 2016 2/17 Stranger Things
75%
Political drama Feb 1, 2013 5/65 House of Cards
66%
Historical drama Nov 4, 2016 2/20 The Crown
45%
Teen drama/mystery Mar 31, 2017 1/13 13 Reasons Why
42%
Comedy-drama Jul 11, 2013 5/65 Orange Is the New Black
34%
Crime drama Aug 28, 2015 3/30 Narcos
21%
Crime drama Jul 21, 2017 1/10 Ozark
17%
Science fiction Jun 5, 2015 2/23 Sense8
13%
Drama Oct 13, 2017 1/10 Mindhunter
11%
Mystery Dec 16, 2016 1/8 The OA
11%
Historical drama Dec 12, 2014 2/20 Marco Polo
8%
Thriller Mar 20, 2015 3/33 Bloodline
6%
Horror/thriller Apr 19, 2013 3/33 Hemlock Grove
6%
Musical drama Aug 12, 2016 2/11 The Get Down
6%
Black-comedy mystery Jan 13, 2017 1/8 A Series of Unfortunate Events
4%
Psychological thriller Jun 30, 2017 1/10 Gypsy
2%
No matching quizzes found
Score Distribution
Percent of People with Each Score
Percentile by Number Answered
Your Score History
You have not taken this quiz